000 00304nam a22001337a 4500
008 181107b xxu||||| |||| 00| 0 eng d
020 _a9780781775250
041 _aeng
080 _26 TH
_a611
100 _a7
101 _aANA
245 _aClinically Oriented Anatomy
_cMoore.K.L
942 _2udc
_cBK
999 _c52128
_d52128